000 00620nam a2200229Ia 4500
003 BUBTL
008 151213s9999 xx 000 0 und d
020 _a8175961686
050 _a
082 _a420.71073/ As51/ 2003
100 _aAslam, Mohammad
_94859
245 _aTeaching of English : a practical course for B Ed student /
_cMohammad Aslam
250 _a1st Edn
260 _aIndia
_bFoundation Books
_cc2003
300 _a210p. :
_b22 cm
650 _aEnglish
650 _a
700 _aMohammad Aslam
_94860
856 _k0
_l0
_yDownload
942 _2ddc
_cBK
999 _c3638
_d3638